AEW WrestleDream 2025 Card - Statistics

General Stats
  • This quiz has been taken 21 times
  • The average score is 33 of 46
Answer Stats
Answer % Correct
Adam Page
100%
Darby Allin
100%
Jon Moxley
100%
Kris Statlander
100%
Kyle Fletcher
100%
Mark Briscoe
100%
Mercedes Moné
100%
Samoa Joe
100%
Bandido
93%
Brody King
93%
Cash Wheeler
93%
Dax Harwood
93%
Kazuchika Okada
93%
Konosuke Takeshita
93%
Matt Jackson
93%
Nick Jackson
93%
Toni Storm
93%
Jack Perry
87%
Luchasaurus
87%
Bishop Kaun
73%
Bobby Lashley
73%
Mina Shirakawa
73%
MVP
73%
Ricochet
73%
Shelton Benjamin
73%
Toa Liona
73%
Claudio Castagnoli
67%
Daniel Garcia
67%
Kevin Knight
67%
Mike Bailey
67%
PAC
67%
Wheeler Yuta
67%
Jamie Hayter
60%
Thekla
60%
Orange Cassidy
53%
Harley Cameron
47%
Kyle O'Reilly
47%
Megan Bayne
47%
Roderick Strong
47%
Eddie Kingston
40%
Penelope Ford
40%
Tomohiro Ishii
40%
Willow Nightingale
40%
Hook
27%
Griff Garrison
7%
Cole Karter
0%
No matching quizzes found
Score Distribution
Percent of People with Each Score
Percentile by Number Answered
Your Score History
You have not taken this quiz